000 00689nam a2200193Ia 4500
008 151119s9999||||xx |||||||||||||| ||und||
082 _a28.5
082 _bGKKV15297
100 _aसुठणकर स वि
245 _aशरीरक्रिया विज्ञान ( १९०१ ते १९९०)
260 _a--
260 _b--
260 _c0
600 _aसुठणकर स वि
630 _aशरीरक्रिया विज्ञान ( १९०१ ते १९९०)
700 _aसुठणकर स वि
730 _aशरीरक्रिया विज्ञान ( १९०१ ते १९९०)
942 _cBOOK
999 _c1068706
_d1068703